000 00898nam a2200253Ia 4500
003 OSt
005 20220923211411.0
006 a|||||r|||| 00| 0
007 ta
008 220922b |||||||| |||| 00| 0 hin d
020 _a97881906602013 (hbk)
024 _a238,854
037 _cTextual
040 _aARTS
_cARTS
_bhin
041 _2hin
_ahin
082 _aV231, 152P8
100 _aसम्पत, सुभाष; शुक्ला, प्रज्ञा, अनु.
_9160386
245 0 _aसफ़रनामा
_b मुंबई
246 _aSaफ़ranāmā: muanbaī
260 _aमुंबई
_b हिन्दुस्तानी प्रचार सभा
_c2008
300 _a226पृ.
_ccm.
942 _hV231, 152P8
_cTEXL
_2CC
999 _c299136
_d299136